Una nueva gestión pública para América Latina
Պահպանված է:
| Ձևաչափ: | Տեքստ |
|---|---|
| Խորագրեր: | |
| Ցուցիչներ: |
Ավելացրեք ցուցիչ
Չկան պիտակներ, Եղեք առաջինը, ով նշում է այս գրառումը!
|
MARC
| LEADER | 00000 a a2200000 04500 | ||
|---|---|---|---|
| 001 | 5453 | ||
| 003 | |||
| 040 | |||
| 245 | |a Una nueva gestión pública para América Latina | ||
| 650 | |a ADMINISTRACION PUBLICA | ||
| 650 | |a ESTADO | ||
| 650 | |a SOCIEDAD | ||
| 650 | |a DESARROLLO ECONOMICO | ||
| 650 | |a GOBERNABILIDAD | ||
| 650 | |a DESCENTRALIZACION | ||
| 650 | |a DESIGUALDAD SOCIAL | ||
| 650 | |a BUROCRACIA | ||
| 650 | |a PARTICIPACION SOCIAL | ||
| 650 | |a POLITICA GUBERNAMENTAL | ||
| 650 | |a DEMOCRACIA | ||
| 773 | |g número 9; páginas 5-20 | ||
| 999 | |c 34663 |d 34663 | ||
